000 00473nam a2200181Ia 4500
005 20260429112249.0
008 260429s9999||||xx |||||||||||||| ||und||
020 _a9780691236650
041 _aEnglish
082 _a930
_bSCH
100 _aScheidel, Walter
245 0 _aWhat Is Ancient History? /
_cWalter Scheidel
250 _a c
260 _aPrinceton :
_bPrinceton University Press,
_c2025.
300 _a319 p.; Hb
650 _aAncient History
942 _cTB
999 _c53199
_d53199